000 00705cam a2200253 4500500
005 20260329005241.0
041 _afre
042 _adc
100 1 0 _aPernes, Caroline
_eauthor
245 0 0 _aPhilosophes taoïstes. Tome I : Lao zi, Zhuang zi, Lie zi
260 _c2022.
500 _a17
690 _aChine
690 _aLao-tseu
690 _aLaozi
690 _aTao
690 _aTaoïsme
690 _aTchouang Tseu
690 _aValeurs
690 _aVide
690 _aZhuangzi
786 0 _nPhilosophie magazine | 165 | 12 | 2022-12-01 | p. 69-69 | 1951-1787
856 4 1 _uhttps://shs.cairn.info/magazine-philosophie-magazine-2022-12-page-69?lang=fr&redirect-ssocas=7080
999 _c1841700
_d1841700